| 000 | 01558nam0a2200325 i 4500 | ||
|---|---|---|---|
| 001 | RU\NLR\BIBL_A\010517042 | ||
| 005 | 20240921120334.0 | ||
| 010 |
_a9785942756765 _9500 |
||
| 021 |
_aRU _b2014-62396 _93798 |
||
| 035 | _a(NLR Aleph) 010517042 | ||
| 090 |
_a10199894 _c10199894 |
||
| 100 | _a20141030d2014 k y0rusy50 ca | ||
| 101 | 0 | _arus | |
| 102 | _aRU | ||
| 105 | _aa|||z|||001yy | ||
| 200 | 1 |
_aАвтоматизация формирования эскизной компоновки авиационных ГТД _f[И. А. Кривошеев, А. Ю. Сапожников, А. В. Карпов, А. П. Воронков] |
|
| 210 |
_aМосква _cМашиностроение _d2014 |
||
| 215 |
_a187 с. _cил. _d21 |
||
| 300 | _aАвт. указаны на обороте тит. л. | ||
| 320 | _aБиблиогр.: с. 174-186 (121 назв.) | ||
| 606 | 1 |
_aАвиационные газотурбинные двигатели _xПроектирование _xАвтоматизация _92179250 _3RU\NLR\AUTH\661310603 |
|
| 686 | 1 | _aО551.41-02-5-05 | |
| 701 | 1 |
_aКривошеев _bИ. А. _gИгорь Александрович |
|
| 701 | 1 |
_aСапожников _bА. Ю. _gАлексей Юрьевич |
|
| 701 | 1 |
_aКарпов _bА. В. _cинженер, авиастроение _gАлександр Владимирович _9145005 _3RU\NLR\AUTH\770145041 |
|
| 701 | 1 |
_aВоронков _bА. П. _gАлексей Петрович |
|
| 942 | _cBOOK | ||
| 980 | _aNBR | ||